000 00458nam a2200193Ia 4500
003 OSt
005 20251205110409.0
008 250729s2005 xx 000 0 und d
020 _a9788171414000
040 _cAL
041 _aeng
082 _a420.7 MUKA
100 _aMukalel C Joseph
_9225764
245 _aApproaches to english language teaching
260 _aNew Delhi
_c2005
300 _a218p
650 _aEnglish
_9225765
942 _2ddc
_cBED
999 _c237065
_d237065